The Oxford companion to French literature
Na minha lista:
| Autor principal: | |
|---|---|
| Formato: | Livro |
| Idioma: | Undetermined |
| Publicado em: |
Oxford
Clarendon
1966
|
| Assuntos: | |
| Tags: |
Adicionar Tag
Sem tags, seja o primeiro a adicionar uma tag!
|
| Thư viện lưu trữ: | Trung tâm Học liệu Trường Đại học Cần Thơ |
|---|
| LEADER | 00517nam a2200169Ia 4500 | ||
|---|---|---|---|
| 001 | CTU_26731 | ||
| 008 | 210402s9999 xx 000 0 und d | ||
| 082 | |a 840.03 | ||
| 082 | |b H341 | ||
| 100 | |a Paul Harvey | ||
| 245 | 4 | |a The Oxford companion to French literature | |
| 245 | 0 | |c Paul Harvey, J E Heseltine | |
| 260 | |a Oxford | ||
| 260 | |b Clarendon | ||
| 260 | |c 1966 | ||
| 650 | |a french literature - collections,french literature - history and criticism | ||
| 980 | |a Trung tâm Học liệu Trường Đại học Cần Thơ | ||